| 000 | 01082nam0a2200277 4500 | ||
|---|---|---|---|
| 001 | RU\NLR\bibl\929278 | ||
| 005 | 20260407131623.0 | ||
| 035 | _a(NLR Aleph) 000917517 | ||
| 090 |
_a78752 _c78752 |
||
| 100 | _a20060410d1900 |||y0rusy50 ca | ||
| 101 | 0 | _arus | |
| 102 | _aRU | ||
| 105 | _ay ||||||||| | ||
| 200 | 1 |
_aСтрахование на случай смерти _fСтраховое о-во Россия, учрежденное в 1881 г. |
|
| 210 |
_aС.-Петербург _cэлектр. типография газеты "С.-Петербург" _dценз. 1900 |
||
| 215 | _a[2], 41 с. | ||
| 309 | _aНа 2-й с. обл.: VII, 900, 15 т. | ||
| 606 | 1 |
_aСтрахование на случай смерти _yРоссия _92421095 _3RU\NLR\auth\661441810 |
|
| 686 | _aУ26(28)31 | ||
| 712 | 0 | 2 |
_4570 _a"Россия", страховое общество _cПетербург _9469037 _3RU\NLR\AUTH\889986687 |
| 801 | 0 |
_aRU _bNLR _c20060410 _grcr |
|
| 801 | 1 |
_aRU _bNLR _c20060410 |
|
| 852 |
_aNLR _j18.304.7.156-9 |
||
| 942 | _cBOOK | ||
| 980 | _aNB | ||